| 000 | 00359cam a22001097a 4500 | ||
|---|---|---|---|
| 008 | 180718b1968 xxu||||| |||| 00| 0 eng d | ||
| 082 | _aJ703x5432 H57 | ||
| 245 | _aCapital of Himachal Pradesh (development and regulation ) act,1968 | ||
| 260 |
_aShimla _bGovernment of Himachal Pradesh Press _c1968 |
||
| 300 | _a10p. | ||
| 650 | _aCity planning - Himachal Pradesh | ||
| 999 |
_c415943 _d415943 |
||